Central Library OPAC University of Rajshahi
Normal view MARC view

Entry Personal Name

Number of records used in: 3

001 - CONTROL NUMBER

  • control field: 16528

003 - CONTROL NUMBER IDENTIFIER

  • control field: BD-RjUL

005 - DATE AND TIME OF LATEST TRANSACTION

  • control field: 20250809130425.0

008 - FIXED-LENGTH DATA ELEMENTS

  • fixed length control field: 250809|| aca||aabn | a|a d

040 ## - CATALOGING SOURCE

  • Original cataloging agency: BD-RjUL
  • Transcribing agency: BD-RjUL

100 ## - HEADING--PERSONAL NAME

  • Personal name: Smollett, T.
  • Fuller form of name: (Tobias),
  • Dates associated with a name: 1721-1771

670 ## - SOURCE DATA FOUND

  • Source citation: Work cat.: (BD-RjUL)85481: Voltaire, 1694-1778. 11080, Candide and other tales./, [1937]